Estadísticas para 15 principales países con muertes de Covid-19 - 6 de octubre 2021

Haz click aquí para intentar la prueba.

Estadísticas generales

  • Esta prueba ha sido intentada 7 veces
  • La puntuación promedio es 16 de 25

Estadísticas de respuestas

país% Correcto
Argentina
100%
Brasil
100%
Estados Unidos
100%
México
100%
Colombia
86%
India
86%
Irán
86%
Paraguay
86%
Perú
86%
Rusia
86%
Alemania
71%
Francia
71%
Indonesia
57%
Italia
57%
Reino Unido
57%
Chequia
43%
Eslovaquia
43%
Eslovenia
43%
Hungría
43%
Bélgica
29%
Bosnia y Herzegovina
29%
Bulgaria
29%
Macedonia del Norte
29%
Sudáfrica
29%
Georgia
14%

Distribución de puntuación

Porcentaje por número respondido

Porcentaje de gente con cada puntuación

Historial de tus puntuaciones

No has intentado esta prueba.